ESSENTIAL BIOLOGICAL PSYCHOLOGY (Record no. 18111)

MARC details
000 -LEADER
fixed length control field 00296nam a22001337a 4500
003 - CONTROL NUMBER IDENTIFIER
control field SGT
020 ## - INTERNATIONAL STANDARD BOOK NUMBER
International Standard Book Number 978-1-8478-7540-2
082 ## - DEWEY DECIMAL CLASSIFICATION NUMBER
Classification number 616.89
Item number E13B
100 ## - MAIN ENTRY--PERSONAL NAME
Personal name BARNES, JIM
245 ## - TITLE STATEMENT
Title ESSENTIAL BIOLOGICAL PSYCHOLOGY
260 ## - PUBLICATION, DISTRIBUTION, ETC. (IMPRINT)
Place of publication, distribution, etc LOS ANGELES
Name of publisher, distributor, etc SAGE
Year of Publication 2013
300 ## - PAGE DESCRIPTION
No. of Pages 390
942 ## - ADDED ENTRY ELEMENTS (KOHA)
Source of classification or shelving scheme Dewey Decimal Classification
Koha item type Books
Holdings
Withdrawn status Lost status Source of classification or shelving scheme Damaged status Not for loan Collection code Home library Current library Shelving location Date acquired Vendor Name Volume Information (Serial or Books or Non-Book Material) SGTU Bill Number Total Checkouts Full call number Accession No. (Barcode) Date last seen Bill Date Koha item type
    Dewey Decimal Classification   Not For Loan MEDICAL SGT Medical Library SGT Medical Library Reference Book 30/05/2019 ABC DELHI POUND 93.00 SGTU 10951   616.89 E13B FM11358 30/05/2019 12/04/2019 Books